000 02056cad a22002535a 4500
001 L148176
008 090811s2009 xxk f 000 0 eng d
020 _a9781409817512
035 _a(Sirsi) u148176
041 0 _aeng
050 0 4 _a711.3 $2 18
110 2 _aUnited Kingdom
_bDepartment for Communities and Local Government
_94939
245 0 0 _aPolicy statement on regional strategies and guidance on the establishment of leaders' boards
_bconsultation
_h[electronic resource]
260 _aLondon
_bDCLG
_c2009
505 2 _aIntroduction -- Draft policy statements on regional strategies -- Draft regulations -- Establishment of leaders' board: draft guidance on the preparation of schemes -- Sustainability appraisal of regional strategies. Draft supplement to 'A practical guide to the strategic environmental assessment' Directive -- Consultation questions -- Consultation criteria
520 _aSeeks views on Regional Spatial Strategies (Planning Policy Statement 11), the related technical amendments and Guidance to Regional Development Agencies on Regional Economic Strategies. Consults particularly on the scope and approach taken in the policy statement, and the principles involved in reviewing, revising, implementing and monitoring regional strategy. Also invites views on draft regulations to support the implementation of Part 5 of the Local Democracy, Economic Development and Construction Bill; on draft guidance on preparation of schemes for the establishment of leaders' boards; on draft supplementary guidance on undertaking sustainability appraisal of Regional Strategies. Consultation does not apply to London.
520 _aDeadline for comments is 30 October 2009.
521 _aAdvanced
590 _aKA
651 4 _aEngland
_y886-
690 _aENVIRONMENTAL AND LAND CONSULTANCY-PLANNING AND DEVELOPMENT-STRATEGIC PLANNING
856 4 0 _uhttps://www.communities.gov.uk/publications/planningandbuilding/regionalstrategiesconsultation
_zView the consultation free of charge at www.communities.gov.uk...
942 _n0
999 _c109933
_d109933